000 01267nam a22002417a 4500
005 20120614170415.0
008 081007t xxu||||| |||| 00| 0 mar
010 _aMAR-22219
020 _c120.00
035 _aMR-14877
037 _bD.B.Act /pub
082 _a954.792
100 _aदेसाई, दत्ता
_949115
245 _aमहाराष्ट्राच्या विकासाची दिशा हवी नवी मळवाट /
_cदत्ता देसाई
246 _aMaharashtrachya Vikasachi Disha Havee Navee Malwat
_bby Dutta Desai
260 _aसोलापूर
_bपरिवर्तन अकादमी प्रकाशन
_c2011
270 _aशॉप नं.10,युनायटेड रेलिडेंन्सी सोनामाता प्रशालेसमोर 159, रेलवे लार्ईंस,
_bसोलापूर
_e413001
300 _a127पृ
_c22सेमी (अजिल्द)
650 _949243
650 _949244
942 _2ddc
_cMR
_mदेसाई
_h954.792
999 _c68046
_d68046